000 01109nam a22002537a 4500
001 BRCA_9360
003 FranzMayer
005 20230918122552.0
008 230828b |||||||| |||| 00| 0 eng d
040 _aMFM
_besp
_cMFM
050 0 _aN645.A28
_bI83 1994
110 1 _4Responsable
_aInstituto Central Itáu
_929338
240 _aCadernos História da pintura no Brasil
_hAcademismo. Marcos históricos
_lPortugués
245 0 _aCadernos História da pintura no Brasil
_bAcademismo. Marcos históricos
260 _aSao Paulo, Brasil
_bInstituto Cultural Itáu
_c1994
300 _a29 p
_bIlustraciones a color
_c22 cm
500 _aAnexo 1
500 _aEl libro contiene datos relacionados a la biblioteca, pero no aparecía en la base de datos.
505 _aTexto en: portuguésIncluye índice temáticoIncluye bibliografíaDirigido a: artistas, historiadores de arte y estudiantes de arte
650 1 _2Artes visuales
_aAcademias
_vEscuelas de arte
_929339
651 2 _2Academismo
_aLatinoamerica
_vBrasil
_929340
710 1 _4Cool.
_aBanco de dados informáticos
_929341
942 _2lcc
_cH
999 _c10982
_d10982